000 00939cam a2200241 4500
001 ABS61447
008 000000n1999 000 0 eng u
035 _a(Sirsi) u100464
100 _aAl-Khalil, M.
245 _aImportant causes of delay in public utility projects in Saudi Arabia
260 _c1999
490 _aConstruction Management and Economics
_v17(5) September 1999, 647-655(12)
520 _aAim of study was to uncover the most important causes of delay in public utility projects, based on the frequency and seriousness of the causes. The parties surveyed mostly agreed on the importance ranking of delay causes, but showed lack of agreement on the ranking of the main categories of delay.
590 _aABS
650 _aUTILITY PROJECTS
650 _aDELAY
650 _aTIME
650 _aCLAIMS
650 _aSAUDI ARABIA
690 _aProject management
_96261
700 _aAl-Ghafly, M.
942 _n0
999 _c60102
_d60102